[Event "Joacaba op 2nd"]
[Site "Joacaba"]
[Date "2023.07.01"]
[Round "4"]
[White "Manfroi, Alexander Giannini1"]
[Black "Poli, Maria Luiza De Oliv"]
[Result "1-0"]
[WhiteElo "1738"]
[BlackElo "1173"]
[PlyCount "105"]
[EventDate "2023.06.30"]
[EventType "swiss"]
[EventRounds "6"]
[EventCountry "BRA"]
[SourceTitle "CBM 215 Extra"]
[Source "ChessBase"]
[SourceDate "2023.09.30"]
[SourceVersion "1"]
[SourceVersionDate "2023.09.30"]
[SourceQuality "1"]

1. d4 d5 2. Bf4 Nc6 3. Nc3 Nf6 4. Nb5 e5 5. dxe5 Nd7 6. e6 Nde5 7. exf7+ Kxf7 8. Nf3 Nxf3+ 9. exf3 Be6 10. Nxc7 Rc8 11. Nxe6 Kxe6 12. Bd3 Bc5 13. 0-0 Kf7 14. Bf5 Ra8 15. Re1 g6 16. Be6+ Kf8 17. Bh6+ Ke8 18. Bxd5+ Kd7 19. Bf4 Bd6 20. Bxc6+ Kxc6 21. Qxd6+ Qxd6 22. Bxd6 Kxd6 23. Rad1+ Kc6 24. Re6+ Kc7 25. Re7+ Kc6 26. Rdd7 h5 27. Rxb7 Rad8 28. Rec7+ Kd6 29. Rxa7 Rhe8 30. Kf1 Ke6 31. Rc6+ Kf5 32. Ra5+ Re5 33. Rxe5+ Kxe5 34. Rxg6 Kf5 35. Rc6 Rd1+ 36. Ke2 Rh1 37. a4 Ra1 38. Rc5+ Kg6 39. a5 Ra2 40. b4 Ra4 41. c3 Ra2+ 42. Ke3 Ra3 43. Rc6+ Kf7 44. a6 Ke7 45. Kd4 Kd7 46. Rh6 Kc7 47. b5 Ra4+ 48. Kc5 Ra3 49. Rh7+ Kb8 50. Kb6 Rxc3 51. Rh8+ Rc8 52. a7+ Ka8 53. Rxc8# 1-0

[Event "Florianopolis op 9th"]
[Site "Florianopolis"]
[Date "2023.01.28"]
[Round "9"]
[White "Poli, Maria Luiza De Oliv"]
[Black "Spieker, Otavio Schmidt"]
[Result "0-1"]
[WhiteElo "1156"]
[BlackElo "1352"]
[PlyCount "110"]
[EventDate "2023.01.23"]
[EventType "swiss"]
[EventRounds "10"]
[EventCountry "BRA"]
[SourceTitle "CBM 212 Extra"]
[Source "ChessBase"]
[SourceDate "2023.03.31"]
[SourceVersion "1"]
[SourceVersionDate "2023.03.31"]
[SourceQuality "1"]

1. e4 e5 2. Nf3 Nc6 3. Bc4 Bc5 4. Nc3 d6 5. h3 Nf6 6. d3 h6 7. Be3 Bb6 8. Qd2 Be6 9. Bb3 Nd4 10. Bxd4 exd4 11. Ne2 c5 12. 0-0 0-0 13. c3 dxc3 14. Nxc3 Bc7 15. Rfe1 Re8 16. Bxe6 fxe6 17. Rad1 Nd7 18. Qe2 a6 19. d4 Qe7 20. d5 e5 21. Rb1 Qd8 22. a3 Ba5 23. Rec1 Rc8 24. Qe3 Nf6 25. Ne2 Qd7 26. Ng3 Rf8 27. Rc2 Kh7 28. Nh2 Rce8 29. Rf1 Qa4 30. Rfc1 Qd4 31. Re2 Qxe3 32. fxe3 b5 33. Nf5 Nxe4 34. Nh4 Bb6 35. N4f3 c4 36. Nf1 Nc5 37. Rec2 Nb3 38. Rd1 Rc8 39. Kh2 e4 40. N3d2 Nxd2 41. Rcxd2 Rf7 42. Re2 Re8 43. Nd2 h5 44. Rf1 Rxf1 45. Nxf1 Ba5 46. Ng3 g6 47. Rf2 Kg7 48. Rf4 Bb6 49. Rxe4 Rxe4 50. Nxe4 Bxe3 51. g3 Bc5 52. Kg2 Kf7 53. Ng5+ Kf6 54. Ne4+ Ke5 55. Nc3 Bd4 0-1

[Event "Concordia op 6th"]
[Site "Concordia"]
[Date "2022.10.14"]
[Round "5"]
[White "Bitencourt, Lavignia Padilha"]
[Black "Poli, Maria Luiza De Oliv"]
[Result "0-1"]
[WhiteElo "1800"]
[BlackElo "1148"]
[PlyCount "58"]
[EventDate "2022.10.12"]
[EventType "swiss"]
[EventRounds "9"]
[EventCountry "BRA"]
[SourceTitle "CBM 210 Extra"]
[Source "ChessBase"]
[SourceDate "2022.11.30"]
[SourceVersion "1"]
[SourceVersionDate "2022.11.30"]
[SourceQuality "1"]

1. d4 d5 2. Bf4 Nf6 3. Nf3 Bf5 4. e3 a6 5. Bd3 Bg6 6. 0-0 e6 7. a3 Bd6 8. Nc3 Nc6 9. Qd2 Ne4 10. Qe2 0-0 11. Rfe1 Re8 12. Rad1 Qe7 13. Nxe4 dxe4 14. Bxd6 cxd6 15. c3 exd3 16. Rxd3 Bxd3 17. Qxd3 d5 18. Ne5 Nxe5 19. dxe5 f6 20. exf6 Qxf6 21. Qd4 Qxd4 22. cxd4 Rac8 23. e4 dxe4 24. f3 exf3 25. gxf3 Rf8 26. Rxe6 Rxf3 27. Kg2 Rd3 28. Rd6 Rc2+ 29. Kf1 Rd1# 0-1

[Event "Concordia op 6th"]
[Site "Concordia"]
[Date "2022.10.13"]
[Round "3"]
[White "Albiero, Marco Antonio Batis"]
[Black "Poli, Maria Luiza De Oliv"]
[Result "1-0"]
[WhiteElo "1584"]
[BlackElo "1148"]
[PlyCount "85"]
[EventDate "2022.10.12"]
[EventType "swiss"]
[EventRounds "9"]
[EventCountry "BRA"]
[SourceTitle "CBM 210 Extra"]
[Source "ChessBase"]
[SourceDate "2022.11.30"]
[SourceVersion "1"]
[SourceVersionDate "2022.11.30"]
[SourceQuality "1"]

1. e4 e5 2. Nf3 Nc6 3. Bc4 Bc5 4. c3 d6 5. d4 exd4 6. cxd4 Bb4+ 7. Nc3 Nf6 8. 0-0 0-0 9. Bg5 Bg4 10. Nd5 Bxf3 11. Qxf3 Nxd4 12. Qd3 Ne6 13. Bxf6 gxf6 14. Nxb4 Nc5 15. Qf3 Kh8 16. Nd5 Nd7 17. Qf5 c6 18. Ne3 Qe7 19. Bd3 Ne5 20. Bc2 Rg8 21. f4 Ng6 22. Ng4 Raf8 23. Qxf6+ Qxf6 24. Nxf6 Rg7 25. Rad1 Rd8 26. Bb3 Ne7 27. Nh5 Rgg8 28. Bxf7 Rgf8 29. Be6 Rde8 30. Rxd6 Ng6 31. Rf3 Re7 32. f5 Ne5 33. Rh3 Ng4 34. Nf4 Rf6 35. Ng6+ Kg7 36. Nxe7 Ne5 37. Nc8 Rf8 38. Rg3+ Kh8 39. Ne7 a6 40. f6 Re8 41. f7 Rf8 42. Rg8+ Rxg8 43. fxg8Q# 1-0

[Event "Florianopolis Winter op 6th"]
[Site "Florianopolis"]
[Date "2022.07.14"]
[Round "4"]
[White "Poli, Maria Luiza De Oliv"]
[Black "Mariani, Kim Paul"]
[Result "0-1"]
[WhiteElo "1798"]
[BlackElo "1202"]
[PlyCount "87"]
[EventDate "2022.07.13"]
[EventType "swiss"]
[EventRounds "9"]
[EventCountry "BRA"]
[SourceTitle "CBM 209 Extra"]
[Source "ChessBase"]
[SourceDate "2022.09.30"]
[SourceVersion "1"]
[SourceVersionDate "2022.09.30"]
[SourceQuality "1"]

1. e4 c5 2. Nf3 e6 3. d4 cxd4 4. Nxd4 Nc6 5. Nc3 Nf6 6. Bc4 Nxe4 7. Nxe4 d5 8. Nxc6 bxc6 9. 0-0 dxe4 10. Qxd8+ Kxd8 11. Bf4 f6 12. Rfe1 e5 13. Bd2 Bf5 14. Rad1 Kc7 15. a4 a5 16. c3 Bc5 17. Be3 Bxe3 18. Rxe3 Rhd8 19. Rxd8 Rxd8 20. h3 Rd1+ 21. Kh2 Rb1 22. b3 Rc1 23. Kg3 Bg6 24. Be2 Bf7 25. b4 f5 26. f4 g5 27. fxg5 f4+ 28. Kf2 fxe3+ 29. Kxe3 Rxc3+ 30. Kxe4 axb4 31. Kxe5 Rc5+ 32. Kd4 Rxg5 33. g4 c5+ 34. Kd3 c4+ 35. Kc2 Ra5 36. Kb2 Rxa4 37. h4 c3+ 38. Kc2 Ra2+ 39. Kd1 Rxe2 40. Kxe2 b3 41. Kd1 b2 42. Kc2 Bg6+ 43. Kxc3 b1Q 44. h5 0-1

[Event "Catarinense-ch (Women)"]
[Site "Concordia"]
[Date "2018.02.25"]
[Round "6"]
[White "Feller, Isadora Cristina Vi"]
[Black "Poli, Maria Luiza De Oliv"]
[Result "1-0"]
[WhiteElo "1205"]
[BlackElo "1825"]
[PlyCount "35"]
[EventDate "2018.02.23"]
[EventType "swiss"]
[EventRounds "6"]
[EventCountry "BRA"]
[SourceTitle "EXT 2019"]
[Source "ChessBase"]
[SourceDate "2018.10.10"]
[SourceVersion "1"]
[SourceVersionDate "2018.10.10"]
[SourceQuality "1"]

1. e4 e5 2. Nf3 Nc6 3. Bb5 Nf6 4. Nc3 Bb4 5. 0-0 0-0 6. d4 exd4 7. Nxd4 Bc5 8. Nf5 d6 9. Qf3 Ne5 10. Qg3 g6 11. Nh6+ Kh8 12. Nd5 Nxd5 13. exd5 Qf6 14. Bg5 Nd7 15. Bxf6+ Nxf6 16. Qc3 Bd4 17. Qxd4 Bf5 18. Qxf6# 1-0